[Event "Landesliga Nord 0708"]
[Site "Bayern"]
[Date "2008.04.20"]
[Round "9.2"]
[White "Roth, Norbert"]
[Black "Cicak, Slavko"]
[Result "0-1"]
[WhiteElo "2217"]
[BlackElo "2516"]
[PlyCount "66"]
[EventDate "2007.10.21"]
[EventType "team-tourn"]
[EventRounds "9"]
[EventCountry "GER"]
[SourceTitle "EXT 2009"]
[Source "ChessBase"]
[SourceDate "2008.11.26"]
[SourceVersion "1"]
[SourceVersionDate "2008.11.26"]
[SourceQuality "1"]
[WhiteTeam "Nuernberg NT II"]
[BlackTeam "Burgsinn"]
[WhiteTeamCountry "GER"]
[BlackTeamCountry "GER"]

1. Nf3 c6 2. g3 d5 3. Bg2 Bg4 4. 0-0 Nd7 5. d3 Bxf3 6. Bxf3 h5 7. c4 dxc4 8. dxc4 h4 9. b3 Ngf6 10. Bb2 Qc7 11. Nc3 e6 12. Qd2 Bd6 13. Rad1 Be5 14. Kg2 0-0-0 15. Na4 Bxb2 16. Nxb2 e5 17. Qg5 e4 18. Bg4 Nxg4 19. Qxg4 Qe5 20. Rd2 f5 21. Qg5 hxg3 22. hxg3 Rdf8 23. Rh1 Rxh1 24. Kxh1 Nc5 25. b4 e3 26. Qxe3 Ne4 27. Rd4 Nxg3+ 28. Kg2 Ne4 29. Nd3 Qf6 30. f3 Qg6+ 31. Kf1 Rh8 32. Nf2 Nxf2 33. Kxf2 Rh1 0-1

[Event "Landesliga Nord 0708"]
[Site "Bayern"]
[Date "2008.04.06"]
[Round "8.2"]
[White "Muehling, Werner"]
[Black "Roth, Norbert"]
[Result "0-1"]
[WhiteElo "2133"]
[BlackElo "2245"]
[PlyCount "110"]
[EventDate "2007.10.21"]
[EventType "team-tourn"]
[EventRounds "9"]
[EventCountry "GER"]
[SourceTitle "EXT 2009"]
[Source "ChessBase"]
[SourceDate "2008.11.26"]
[SourceVersion "1"]
[SourceVersionDate "2008.11.26"]
[SourceQuality "1"]
[WhiteTeam "Schwandorf"]
[BlackTeam "Nuernberg NT II"]
[WhiteTeamCountry "GER"]
[BlackTeamCountry "GER"]

1. d4 d6 2. c4 e5 3. d5 c5 4. e4 Be7 5. Nf3 Bg4 6. Be2 Bxf3 7. Bxf3 Bg5 8. Nd2 Nf6 9. h4 Bh6 10. g3 0-0 11. Nf1 Bxc1 12. Qxc1 Nbd7 13. Ne3 b5 14. Nf5 Ne8 15. cxb5 Qa5+ 16. Kf1 Qxb5+ 17. Kg2 Kh8 18. g4 Ndf6 19. g5 Ng8 20. h5 Rb8 21. b3 a5 22. Nh4 Ne7 23. Bg4 a4 24. bxa4 Qxa4 25. Qe3 Nxd5 26. Qf3 Nf4+ 27. Kg3 Rb4 28. Bf5 Qc2 29. Ng2 Ne2+ 30. Kg4 Nd4 31. Ne3 Qd2 32. Qg2 Nxf5 33. Kxf5 g6+ 34. hxg6 fxg6+ 35. Ke6 Rb7 36. Nd5 Qa5 37. Rab1 Qa7 38. Rxb7 Qxb7 39. Ne7 Ng7+ 40. Kxd6 Rd8+ 41. Kxe5 Qxe7+ 42. Kf4 Qd6+ 43. Kg4 Qe6+ 44. Kh4 Rf8 45. f3 Nh5 46. Qb2+ Kg8 47. Rg1 Rxf3 48. Rg4 c4 49. a4 c3 50. Qb8+ Rf8 51. Qb1 Qe5 52. Qc2 Rd8 53. Qb3+ Kh8 54. Rg2 Qf4+ 55. Kh3 Rd3+ 0-1

[Event "Landesliga Nord 0607"]
[Site "Bayern"]
[Date "2007.04.01"]
[Round "8.2"]
[White "Hitzler, Philipp"]
[Black "Roth, Norbert"]
[Result "0-1"]
[WhiteElo "2197"]
[BlackElo "2186"]
[PlyCount "76"]
[EventDate "2006.10.15"]
[EventType "team"]
[EventRounds "9"]
[EventCountry "GER"]
[SourceTitle "EXT 2008"]
[Source "ChessBase"]
[SourceDate "2007.11.25"]
[SourceVersion "1"]
[SourceVersionDate "2007.11.25"]
[SourceQuality "1"]
[WhiteTeam "Neutraubling"]
[BlackTeam "Nuernberg NT II"]
[WhiteTeamCountry "GER"]
[BlackTeamCountry "GER"]

1. d4 d6 2. Nf3 Nf6 3. g3 g6 4. Bg2 Bg7 5. 0-0 0-0 6. c4 Nc6 7. d5 Na5 8. Nbd2 c5 9. e4 a6 10. Rb1 b5 11. b3 Rb8 12. Qe2 Bg4 13. h3 Bxf3 14. Bxf3 Qd7 15. cxb5 axb5 16. Bg2 e6 17. dxe6 Qxe6 18. Bb2 Rfe8 19. Rfe1 Nc6 20. Nf1 Re7 21. f4 Ra7 22. a3 Nd4 23. Bxd4 cxd4 24. Qd2 Nd7 25. Qb4 Nc5 26. Re2 Rc7 27. Kh1 Nd7 28. Ra2 Rc3 29. a4 bxa4 30. Qxa4 Nc5 31. Qa7 Re8 32. b4 Nxe4 33. b5 Nxg3+ 34. Nxg3 Rxg3 35. b6 Rxh3+ 36. Bxh3 Qxh3+ 37. Rh2 Qf3+ 38. Rg2 Re2 0-1

[Event "Landesliga Nord 0607"]
[Site "Bayern"]
[Date "2007.03.18"]
[Round "7.2"]
[White "Roth, Norbert"]
[Black "Rehak, Martin"]
[Result "1-0"]
[WhiteElo "2186"]
[BlackElo "2147"]
[PlyCount "65"]
[EventDate "2006.10.15"]
[EventType "team"]
[EventRounds "9"]
[EventCountry "GER"]
[SourceTitle "EXT 2008"]
[Source "ChessBase"]
[SourceDate "2007.11.25"]
[SourceVersion "1"]
[SourceVersionDate "2007.11.25"]
[SourceQuality "1"]
[WhiteTeam "Nuernberg NT II"]
[BlackTeam "Kulmbach"]
[WhiteTeamCountry "GER"]
[BlackTeamCountry "GER"]

1. Nf3 d5 2. g3 Bf5 3. c4 c6 4. cxd5 cxd5 5. Qb3 Bc8 6. d3 Nf6 7. Bf4 Nc6 8. Nc3 Na5 9. Qc2 a6 10. Bg2 e6 11. 0-0 Bd6 12. Bxd6 Qxd6 13. e4 Nc6 14. Rfe1 d4 15. Na4 e5 16. Rec1 0-0 17. a3 Nd7 18. b4 Ndb8 19. Nb6 Ra7 20. Nc4 Qe7 21. Ncxe5 Nxe5 22. Nxe5 Qxe5 23. Qxc8 Nc6 24. Qg4 Raa8 25. Rc5 Qe7 26. Rac1 f6 27. f4 Rae8 28. Bh3 Rd8 29. Qe6+ Qxe6 30. Bxe6+ Kh8 31. Bd5 Rc8 32. Kf2 g6 33. Bxc6 1-0

[Event "Landesliga Nord 0506"]
[Site "Bayern"]
[Date "2006.04.02"]
[Round "9.1"]
[White "Roth, Norbert"]
[Black "Giessmann, Stephan"]
[Result "0-1"]
[WhiteElo "2186"]
[BlackElo "2202"]
[PlyCount "104"]
[EventDate "2005.10.23"]
[EventType "team"]
[EventRounds "9"]
[EventCountry "GER"]
[SourceTitle "EXT 2007"]
[Source "ChessBase"]
[SourceDate "2006.11.23"]
[SourceVersion "1"]
[SourceVersionDate "2006.11.23"]
[SourceQuality "1"]

1. Nf3 d5 2. g3 c6 3. Bg2 Nf6 4. 0-0 Bg4 5. b3 Nbd7 6. Bb2 e6 7. c4 Bd6 8. d4 Qc7 9. Nc3 0-0 10. Nd2 Rad8 11. Rc1 Qb8 12. Qe1 Rfe8 13. f4 Bf5 14. c5 Bf8 15. b4 b6 16. Ba1 a5 17. a3 axb4 18. axb4 bxc5 19. bxc5 Qb4 20. Nf3 Ra8 21. Qd2 h6 22. Ne5 Ra6 23. Nxd7 Nxd7 24. e4 dxe4 25. Nxe4 Qxd2 26. Nxd2 Nf6 27. Rfe1 Nd5 28. Nc4 Nb4 29. Rcd1 Nc2 30. Rf1 Bg4 31. Rc1 Be2 32. Rf2 Nxa1 33. Rxe2 Nb3 34. Rc3 Nxd4 35. Rb2 Bxc5 36. Ne3 Ba7 37. g4 e5 38. f5 Nb5 39. Rcb3 Rd8 40. Kf2 Bd4 41. Rc2 Bxe3+ 42. Rxe3 Nd4 43. Rb2 f6 44. Bf1 Ra7 45. h4 Kf7 46. Bd3 Ke7 47. g5 hxg5 48. hxg5 Rh8 49. Kg2 Kd6 50. g6 Rh5 51. Rh3 Rxh3 52. Kxh3 Ra3 0-1

[Event "Landesliga Nord 0506"]
[Site "Bayern"]
[Date "2005.12.11"]
[Round "4.1"]
[White "Pohl Kuemmel, Jens Uwe"]
[Black "Roth, Norbert"]
[Result "1/2-1/2"]
[WhiteElo "2216"]
[BlackElo "2235"]
[PlyCount "104"]
[EventDate "2005.10.23"]
[EventType "team"]
[EventRounds "9"]
[EventCountry "GER"]
[SourceTitle "EXT 2007"]
[Source "ChessBase"]
[SourceDate "2006.11.23"]
[SourceVersion "1"]
[SourceVersionDate "2006.11.23"]
[SourceQuality "1"]

1. Nf3 d6 2. d4 Bg4 3. Nbd2 Nd7 4. e4 e5 5. c3 c6 6. Be2 Ngf6 7. 0-0 Be7 8. dxe5 dxe5 9. Nc4 Qc7 10. Qc2 0-0 11. Ne3 Bxf3 12. Bxf3 g6 13. a4 a5 14. Nc4 Rfd8 15. Bg5 Nc5 16. Rfd1 Kg7 17. h3 h6 18. Bh4 Nh7 19. Rxd8 Bxd8 20. Bg3 Bf6 21. Be2 Ng5 22. f3 Nge6 23. Rd1 Nf4 24. Bf1 h5 25. Kh1 Bg5 26. Bf2 Nfe6 27. h4 Bf6 28. g3 Rd8 29. Bh3 b5 30. axb5 cxb5 31. Ne3 Rxd1+ 32. Qxd1 Qd8 33. Nd5 b4 34. cxb4 axb4 35. Qc2 Qa5 36. Bxe6 Nxe6 37. Kg2 g5 38. Qd2 gxh4 39. gxh4 Qd8 40. Qxb4 Bxh4 41. Be3 Kh7 42. Qb7 Qg8+ 43. Kf1 Qg6 44. b4 Kg7 45. Qa6 Bg5 46. Qe2 Bxe3 47. Qxe3 Nd4 48. f4 Qa6+ 49. Kg2 Qg6+ 50. Qg3 exf4 51. Nxf4 Qxg3+ 52. Kxg3 Kf6 1/2-1/2

[Event "Landesliga Nord 0405"]
[Site "Bayern"]
[Date "2005.02.13"]
[Round "7.1"]
[White "Roth, Norbert"]
[Black "Albrecht, Hans"]
[Result "1-0"]
[WhiteElo "2242"]
[BlackElo "2115"]
[PlyCount "83"]
[EventDate "2004.10.24"]
[EventType "team-tourn"]
[EventRounds "9"]
[EventCountry "GER"]
[SourceTitle "EXT 2008"]
[Source "ChessBase"]
[SourceDate "2007.11.25"]
[SourceVersion "1"]
[SourceVersionDate "2007.11.25"]
[SourceQuality "1"]
[WhiteTeam "Nuernberg NT II"]
[BlackTeam "Altensittenbach"]
[WhiteTeamCountry "GER"]
[BlackTeamCountry "GER"]

1. Nf3 Nf6 2. g3 d5 3. Bg2 Bf5 4. 0-0 c6 5. d3 h6 6. Nbd2 e6 7. c4 Bc5 8. Qc2 Qe7 9. cxd5 cxd5 10. Nb3 Bb6 11. Qc8+ Bd8 12. Be3 Qc7 13. Qxc7 Bxc7 14. Nfd4 a6 15. Rfc1 Kd8 16. Nc5 b6 17. Nxf5 exf5 18. Na4 Nbd7 19. Nc3 Ra7 20. Nxd5 Nxd5 21. Bxd5 Ke7 22. Rc2 Bd6 23. Rac1 Bc5 24. Bxc5+ Nxc5 25. d4 Nd7 26. e3 Rb8 27. Bb3 Rbb7 28. Kf1 b5 29. Ke2 a5 30. Bd5 Rb6 31. Rc6 b4 32. Kd3 Rb8 33. Bf3 Kd8 34. g4 fxg4 35. Bxg4 Nb6 36. Bd1 a4 37. e4 Nc8 38. e5 Ne7 39. R6c5 Ra6 40. d5 g5 41. d6 Ng6 42. Bg4 1-0

[Event "Landesliga Nord 0405"]
[Site "Bayern"]
[Date "2004.10.24"]
[Round "1.1"]
[White "Pohl Kuemmel, Jens Uwe"]
[Black "Roth, Norbert"]
[Result "1-0"]
[WhiteElo "2187"]
[BlackElo "2242"]
[PlyCount "87"]
[EventDate "2004.10.24"]
[EventType "team-tourn"]
[EventRounds "9"]
[EventCountry "GER"]
[SourceTitle "EXT 2008"]
[Source "ChessBase"]
[SourceDate "2007.11.25"]
[SourceVersion "1"]
[SourceVersionDate "2007.11.25"]
[SourceQuality "1"]
[WhiteTeam "Regensburg Fortuna II"]
[BlackTeam "Nuernberg NT II"]
[WhiteTeamCountry "GER"]
[BlackTeamCountry "GER"]

1. Nf3 c5 2. c4 g6 3. d4 cxd4 4. Nxd4 Bg7 5. e4 Nc6 6. Be3 Qb6 7. Nb3 Qc7 8. Qd2 Nf6 9. Nc3 d6 10. f3 0-0 11. Rc1 Be6 12. Be2 Rac8 13. 0-0 b6 14. Nd5 Qb7 15. Nd4 Bxd5 16. cxd5 Nxd4 17. Bxd4 Rxc1 18. Rxc1 Rc8 19. Rc3 Nd7 20. Bxg7 Kxg7 21. Qc2 Rxc3 22. Qxc3+ Nf6 23. g4 h6 24. h4 Kg8 25. Bb5 a5 26. Kf2 Nd7 27. Qc6 Nc5 28. Qxb7 Nxb7 29. a3 e5 30. Ke3 Kf8 31. b4 axb4 32. axb4 Ke7 33. Kd3 Kd8 34. g5 hxg5 35. hxg5 Kc7 36. Kc4 Nd8 37. Be8 Kb8 38. Kb5 Kb7 39. Bd7 Ka7 40. Bc6 Nb7 41. Kc4 Nd8 42. Be8 Kb8 43. Kd3 Kc7 44. Ke3 1-0

[Event "Regionalliga NO 0304"]
[Site "Bayern"]
[Date "2004.02.15"]
[Round "6.1"]
[White "Rother, Christoph"]
[Black "Roth, Norbert"]
[Result "1/2-1/2"]
[WhiteElo "2271"]
[BlackElo "2224"]
[PlyCount "73"]
[EventDate "2003.10.??"]
[EventType "team-tourn"]
[EventRounds "9"]
[EventCountry "GER"]
[SourceTitle "EXT 2006"]
[Source "ChessBase"]
[SourceDate "2005.11.24"]
[SourceVersion "1"]
[SourceVersionDate "2005.11.24"]
[SourceQuality "1"]
[WhiteTeam "Regensburg Eulenspiegel"]
[BlackTeam "Nuernberg NT II"]
[WhiteTeamCountry "GER"]
[BlackTeamCountry "GER"]

1. e4 c5 2. Nc3 Nc6 3. Nge2 g6 4. d4 cxd4 5. Nxd4 Bg7 6. Be3 Nf6 7. Bc4 0-0 8. Bb3 d6 9. f3 Bd7 10. Qd2 Rc8 11. 0-0-0 Nxd4 12. Bxd4 b5 13. Bxa7 b4 14. Nd5 Nxd5 15. exd5 Qa5 16. Bd4 Ba4 17. Qe3 Bxb3 18. Qxb3 Rc7 19. Bxg7 Kxg7 20. Rhe1 Rfc8 21. Re2 Qc5 22. Kb1 Ra8 23. Qe3 Qa5 24. Qb3 Qc5 25. Qe3 Qa5 26. Kc1 Kg8 27. Qb3 Qc5 28. Re4 Rac8 29. Kb1 Qf2 30. Rxb4 Rxc2 31. Rb8 Rxb8 32. Qxb8+ Kg7 33. Qb3 Re2 34. Rc1 Qxg2 35. Qc3+ f6 36. a4 Qg5 37. Re1 1/2-1/2

[Event "Nuremberg Zabo op 04th"]
[Site "Nuremberg"]
[Date "2002.09.29"]
[Round "5"]
[White "Roth, Norbert"]
[Black "Hirn, Erwin"]
[Result "1-0"]
[WhiteElo "2199"]
[BlackElo "1967"]
[PlyCount "93"]
[EventDate "2002.09.27"]
[EventType "swiss"]
[EventRounds "5"]
[EventCountry "GER"]
[SourceTitle "EXT 2003"]
[Source "ChessBase"]
[SourceDate "2002.11.25"]
[SourceVersion "1"]
[SourceVersionDate "2002.11.25"]
[SourceQuality "1"]

1. c4 e5 2. g3 Nf6 3. Bg2 Nc6 4. Nf3 d5 5. cxd5 Nxd5 6. Nc3 Be6 7. 0-0 Be7 8. d4 exd4 9. Nxd4 Nxc3 10. bxc3 Nxd4 11. cxd4 c6 12. Rb1 Qd7 13. Qa4 0-0 14. d5 Bxd5 15. Bxd5 Qxd5 16. Rxb7 Bc5 17. Bb2 Rfd8 18. Qf4 Bf8 19. Rc1 c5 20. Rb3 Qd2 21. e3 a5 22. a4 Qe2 23. Kg2 Rd1 24. Rxd1 Qxd1 25. Qc4 Qd6 26. e4 Rb8 27. Rd3 Rb4 28. Qc3 Qe7 29. f3 Rxa4 30. Ba3 Rd4 31. Qxd4 cxd4 32. Bxe7 Bxe7 33. Rxd4 f6 34. Rd7 Kf8 35. Ra7 Bb4 36. Kf1 h6 37. Ke2 Kg8 38. Kd3 Kh7 39. h4 Kg6 40. g4 h5 41. gxh5+ Kxh5 42. Rxg7 Kxh4 43. f4 Bd6 44. Ke3 Kh5 45. Kf3 Kh6 46. Ra7 Bb4 47. Ra6 1-0

[Event "Pyramiden Franken Cup 5th"]
[Site "Fuerth"]
[Date "2002.09.03"]
[Round "4"]
[White "Roth, Norbert"]
[Black "Burggraf, Michael"]
[Result "1-0"]
[WhiteElo "2215"]
[BlackElo "2054"]
[PlyCount "53"]
[EventDate "2002.08.31"]
[EventType "swiss"]
[EventRounds "9"]
[EventCountry "GER"]
[SourceTitle "CBM 090 Extra"]
[Source "ChessBase"]
[SourceDate "2002.11.07"]
[SourceVersion "1"]
[SourceVersionDate "2002.11.07"]
[SourceQuality "1"]

1. e4 c6 2. d3 d5 3. Nd2 g6 4. Ngf3 Bg7 5. g3 dxe4 6. dxe4 b6 7. Bc4 Ba6 8. Qe2 Qc8 9. 0-0 Nf6 10. e5 Nd5 11. e6 f6 12. h4 Bxc4 13. Nxc4 Na6 14. Nd4 Nc5 15. h5 f5 16. Ne5 Nxe6 17. Ndxc6 Bxe5 18. Nxe5 Qc5 19. Nf3 Nd4 20. Nxd4 Qxd4 21. Rd1 Qc5 22. Qe6 Nc7 23. Qd7+ Kf7 24. Be3 Qxc2 25. Rac1 Qxb2 26. Rxc7 Qa3 27. Qd5+ 1-0

[Event "Pyramiden Franken Cup 4th"]
[Site "Fuerth"]
[Date "2001.08.21"]
[Round "4"]
[White "Roth, Norbert"]
[Black "Willim, Michael"]
[Result "0-1"]
[WhiteElo "2271"]
[BlackElo "2120"]
[PlyCount "52"]
[EventDate "2001.08.18"]
[EventType "swiss"]
[EventRounds "9"]
[EventCountry "GER"]
[SourceTitle "EXT 2010"]
[Source "ChessBase"]
[SourceDate "2010.11.25"]
[SourceVersion "1"]
[SourceVersionDate "2010.11.25"]
[SourceQuality "1"]

1. c4 Nf6 2. Nc3 e6 3. e4 d5 4. e5 d4 5. exf6 dxc3 6. bxc3 Qxf6 7. d4 e5 8. Nf3 exd4 9. Bg5 Qe6+ 10. Be2 Be7 11. cxd4 Bxg5 12. Nxg5 Qg6 13. h4 0-0 14. 0-0 Bf5 15. Rc1 Nc6 16. d5 Rad8 17. g4 Bc8 18. Bd3 Qh6 19. dxc6 Qxh4 20. Ne4 Bxg4 21. f3 Bh3 22. Qe1 Qf4 23. Bb1 f5 24. Nc3 Rfe8 25. Qf2 Rd2 26. Rfe1 Qg5+ 0-1

[Event "Nuremberg-ch op 01st"]
[Site "Nuremberg"]
[Date "2001.06.03"]
[Round "1"]
[White "Roth, Norbert"]
[Black "Wrobel, Frank"]
[Result "1-0"]
[WhiteElo "2261"]
[BlackElo "1765"]
[PlyCount "63"]
[EventDate "2001.06.01"]
[EventType "swiss"]
[EventRounds "5"]
[EventCountry "GER"]
[SourceTitle "EXT 2003"]
[Source "ChessBase"]
[SourceDate "2002.11.25"]
[SourceVersion "1"]
[SourceVersionDate "2002.11.25"]
[SourceQuality "1"]

1. c4 c5 2. Nc3 Nc6 3. Nf3 Nf6 4. g3 g6 5. Bg2 Bg7 6. 0-0 0-0 7. d4 d5 8. dxc5 dxc4 9. Qa4 Be6 10. Ng5 Qc8 11. Rd1 Nd8 12. h3 a6 13. Be3 h6 14. Nxe6 Qxe6 15. Kh2 Rc8 16. Rd2 Nc6 17. Rad1 Rfd8 18. Nd5 Ne4 19. Nf4 Qf5 20. Rxd8+ Rxd8 21. Rxd8+ Nxd8 22. Qe8+ Kh7 23. Bxe4 Qxe4 24. Qxd8 Bxb2 25. Qd5 Qxd5 26. Nxd5 a5 27. Nb6 c3 28. Na4 Ba1 29. Kg2 c2 30. Kf1 e5 31. Ke1 Bd4 32. Kd2 1-0

[Event "Oberliga Bayern 0001"]
[Site "Bayern"]
[Date "2001.02.18"]
[Round "6"]
[White "Roth, Norbert"]
[Black "Duer, Werner"]
[Result "0-1"]
[WhiteElo "2205"]
[BlackElo "2185"]
[PlyCount "106"]
[EventDate "2000.10.15"]
[EventType "team-tourn"]
[EventRounds "9"]
[EventCountry "GER"]
[SourceTitle "EXT 2020"]
[Source "ChessBase"]
[SourceDate "2019.10.17"]
[SourceVersion "1"]
[SourceVersionDate "2019.10.17"]
[SourceQuality "1"]
[WhiteTeam "Nuernberg Noris Tarrasch"]
[BlackTeam "Pang/Rosenheim"]
[WhiteTeamCountry "GER"]
[BlackTeamCountry "GER"]

1. c4 c6 2. Nf3 d5 3. b3 Bg4 4. e3 e6 5. Be2 Nd7 6. Bb2 Ngf6 7. 0-0 Bd6 8. d3 0-0 9. Nbd2 Qe7 10. e4 dxe4 11. dxe4 Bxf3 12. Bxf3 Be5 13. Bxe5 Nxe5 14. Qc2 Rfd8 15. Rfd1 c5 16. Qc3 Qc7 17. Nf1 Nfd7 18. Be2 Nc6 19. Qe3 Nd4 20. Rac1 Qf4 21. Bd3 Qxe3 22. Nxe3 Ne5 23. Bf1 g5 24. f3 a5 25. Rb1 Rd6 26. a3 Rad8 27. Kf2 Nc2 28. Rxd6 Rxd6 29. Nxc2 Rd2+ 30. Kg3 Rxc2 31. b4 cxb4 32. axb4 a4 33. Ra1 Nxc4 34. Bxc4 Rxc4 35. Rxa4 b5 36. Ra7 Rxb4 37. h4 gxh4+ 38. Kxh4 Rb2 39. g3 Kg7 40. Kg4 Kg6 41. e5 b4 42. Rb7 b3 43. Kf4 h5 44. Rb8 Rb1 45. Rg8+ Kh7 46. Rb8 b2 47. Rb7 Kg6 48. Rb8 f6 49. Rg8+ Kf7 50. Rb8 fxe5+ 51. Kg5 Ke7 52. Rb6 Kd7 53. Kf6 e4 0-1

[Event "Oberliga Bayern 0001"]
[Site "Bayern"]
[Date "2001.01.14"]
[Round "4"]
[White "Roth, Norbert"]
[Black "Wild, Rudolf"]
[Result "1-0"]
[WhiteElo "2205"]
[BlackElo "1930"]
[PlyCount "136"]
[EventDate "2000.10.15"]
[EventType "team-tourn"]
[EventRounds "9"]
[EventCountry "GER"]
[SourceTitle "EXT 2020"]
[Source "ChessBase"]
[SourceDate "2019.10.17"]
[SourceVersion "1"]
[SourceVersionDate "2019.10.17"]
[SourceQuality "1"]
[WhiteTeam "Nuernberg Noris Tarrasch"]
[BlackTeam "Krumbach"]
[WhiteTeamCountry "GER"]
[BlackTeamCountry "GER"]

1. Nf3 Nf6 2. g3 g6 3. Bg2 Bg7 4. 0-0 0-0 5. c4 d6 6. Nc3 e5 7. Rb1 a5 8. a3 Nc6 9. d3 h6 10. b4 axb4 11. axb4 Be6 12. b5 Ne7 13. Qb3 Qd7 14. Ba3 Nh5 15. Nd2 Rab8 16. Nd5 f5 17. Rfc1 Nf6 18. Nxe7+ Qxe7 19. Qc3 b6 20. Qxe5 Ne4 21. Qf4 Nc3 22. Rxc3 Bxc3 23. Qxh6 Qg7 24. Qxg7+ Kxg7 25. Bb2 Bxb2 26. Rxb2 Rfd8 27. Nb3 Re8 28. Nd4 Rbd8 29. Ra2 Kf6 30. Ra7 Rc8 31. Bb7 Rcd8 32. Bc6 Re7 33. h4 Bf7 34. Bf3 Rdd7 35. Nc6 Re8 36. Nb4 Ree7 37. Nc6 Re8 38. Nd4 Ree7 39. Bc6 Rd8 40. Bg2 Rdd7 41. Ra6 Kg7 42. h5 Re5 43. hxg6 Bxg6 44. f4 Ree7 45. Kf2 Kf6 46. Bf3 Rh7 47. Ra8 Rde7 48. Rf8+ Rhf7 49. Rc8 Rh7 50. Rf8+ Rhf7 51. Rb8 Rh7 52. Bg2 Rhg7 53. Rb7 Re8 54. Nc6 Rh7 55. Nb4 Rc8 56. Nd5+ Ke6 57. Bf3 Rh2+ 58. Ke3 Rh7 59. Kd4 c5+ 60. bxc6 Rxc6 61. Rb8 Rc5 62. Rxb6 Ra5 63. g4 Ra3 64. g5 Ra5 65. Rb8 Rg7 66. Rf8 Rc5 67. Rf6+ Kd7 68. Nc3 Ra5 1-0